Waiting for Love Lyrics - Statistics

General Stats
  • This quiz has been taken 362 times
  • The average score is 138 of 204
Answer Stats
Answers % Correct
a
96%
I
94%
We
94%
we
94%
love
93%
Monday
93%
For
92%
for
92%
me
91%
Tuesday
90%
waiting
89%
Where
88%
left
87%
broken
86%
the
84%
Thursday
84%
Wednesday
84%
be
82%
my
82%
was
81%
we're
79%
were
79%
arms
78%
empty
77%
open
77%
so
77%
to
74%
of
72%
With
72%
with
72%
Friday
71%
on
69%
Sunday
69%
come
68%
Saturday
68%
there's
68%
hoping
66%
kind
66%
every
65%
will
64%
And
63%
and
63%
in
62%
In
62%
around
60%
beautiful
60%
through
60%
church
58%
its
58%
it's
58%
I'll
55%
won't
55%
no
53%
No
53%
Guess
52%
fire
51%
can't
50%
magical
50%
if
49%
If
49%
I'm
49%
life
49%
like
49%
night
49%
stars
49%
this
49%
way
49%
burning
48%
dream
48%
defeated
47%
coming
46%
obstacle
45%
wild
45%
something
44%
Thank
44%
that
42%
unstoppable
41%
gone
40%
has
40%
believe
38%
are
36%
miracle
36%
lost
34%
day
33%
dreamer
33%
one
32%
vulnerable
32%
tear
30%
bones
26%
tyrant
26%
soul
22%
How
19%
blind
16%
get
16%
did
15%
cynical
12%
irreplacable
10%
No matching quizzes found
Score Distribution
Percent of People with Each Score
Percentile by Number Answered
Your Score History
You have not taken this quiz